[Event "LSS RE-2010-0-00041"]
[Site "LSS email"]
[Date "2010.08.03"]
[Round "?"]
[White "Baticulon, Nestor"]
[Black "Molano Lafuente, Ismael"]
[Result "0-1"]
[WhiteElo "1285"]
[BlackElo "1239"]
[PlyCount "130"]
[EventDate "2010.03.10"]
[EventType "tourn (corr)"]
[EventRounds "6"]
[EventCountry "GER"]
[SourceTitle "Telechess CBM 141"]
[Source "ChessBase"]
[SourceDate "2011.03.17"]
[SourceVersion "1"]
[SourceVersionDate "2011.03.17"]
[SourceQuality "1"]

1. e4 c5 2. Nf3 d6 3. h3 Nc6 4. Bb5 e5 5. d3 Be7 6. Nc3 Nf6 7. 0-0 0-0 8. Bxc6 bxc6 9. b3 Rb8 10. Ne2 h6 11. Be3 Be6 12. c4 Qd7 13. Kh2 Nh7 14. Nfg1 f5 15. f3 f4 16. Bf2 g5 17. Nc3 h5 18. g3 fxg3+ 19. Bxg3 Bd8 20. Qe2 Ba5 21. Nd1 Qg7 22. Ne3 Bc3 23. Rac1 Bd4 24. Ng2 Rb7 25. Bf2 Nf6 26. Bxd4 cxd4 27. Kh1 h4 28. Qf2 Nh5 29. Kh2 Ng3 30. Rfd1 c5 31. Qd2 Qf6 32. Rb1 Rfb8 33. Qe1 a6 34. Rb2 Bf7 35. Rf2 Bh5 36. Ne2 Nxe2 37. Qxe2 Rg7 38. Rdf1 Be8 39. Rh1 Bd7 40. Kg1 Ra8 41. Qd2 a5 42. Ne1 a4 43. b4 cxb4 44. Qxb4 Bc8 45. Qd2 Rb8 46. Kf1 Rb1 47. Kg2 Qf4 48. Rg1 a3 49. Kh1 Bxh3 50. Qa5 Qe3 51. Rc2 Rxe1 52. Qxe1 Qxf3+ 53. Kh2 Qxd3 54. Rd2 Qc3 55. Qe2 Be6 56. Qd3 Qxc4 57. Qxa3 Qc6 58. Qd3 g4 59. Rc2 Qb7 60. Rgc1 g3+ 61. Kg1 h3 62. a4 d5 63. Rc6 Qxc6 64. Rxc6 h2+ 65. Kg2 Bh3+ 0-1

[Event "LSS RE-2010-0-00041"]
[Site "LSS email"]
[Date "2010.08.03"]
[Round "?"]
[White "Puleston, Tim O"]
[Black "Baticulon, Nestor"]
[Result "0-1"]
[WhiteElo "1174"]
[BlackElo "1311"]
[PlyCount "46"]
[EventDate "2010.03.10"]
[EventType "tourn (corr)"]
[EventRounds "6"]
[EventCountry "GER"]
[SourceTitle "Telechess CBM 141"]
[Source "ChessBase"]
[SourceDate "2011.03.17"]
[SourceVersion "1"]
[SourceVersionDate "2011.03.17"]
[SourceQuality "1"]

1. c4 e5 2. Nc3 Nf6 3. Nf3 Nc6 4. g3 d5 5. cxd5 Nxd5 6. Bg2 Be6 7. d3 Bb4 8. Bd2 Nxc3 9. bxc3 Be7 10. 0-0 0-0 11. Qa4 h6 12. Rab1 Rb8 13. Rb2 Bc5 14. Rxb7 Rxb7 15. Qxc6 Qd5 16. Qxd5 Bxd5 17. Nxe5 Bxg2 18. Kxg2 Re8 19. d4 Bd6 20. Nc4 Rxe2 21. Nxd6 cxd6 22. Bf4 d5 23. Rc1 Rbb2 0-1

[Event "LSS RE-2010-0-00041"]
[Site "LSS email"]
[Date "2010.08.03"]
[Round "?"]
[White "Vasquez, Gerardo"]
[Black "Baticulon, Nestor"]
[Result "1-0"]
[WhiteElo "1355"]
[BlackElo "1305"]
[PlyCount "59"]
[EventDate "2010.03.10"]
[EventType "tourn (corr)"]
[EventRounds "6"]
[EventCountry "GER"]
[SourceTitle "Telechess CBM 141"]
[Source "ChessBase"]
[SourceDate "2011.03.17"]
[SourceVersion "1"]
[SourceVersionDate "2011.03.17"]
[SourceQuality "1"]

1. e4 e5 2. Nf3 Nc6 3. Bb5 d6 4. d4 Bd7 5. Bxc6 Bxc6 6. Qd3 Qe7 7. 0-0 0-0-0 8. Re1 Kb8 9. Nc3 Nf6 10. Be3 g6 11. b4 Bg7 12. Bg5 h6 13. b5 Bd7 14. Nd5 Nxd5 15. Bxe7 Nxe7 16. dxe5 dxe5 17. Qc4 Be6 18. Qc5 Nc8 19. Nxe5 Bxe5 20. Qxe5 Rhe8 21. a4 Nd6 22. Qf4 h5 23. Rad1 Rc8 24. Qg5 b6 25. Qf6 Nb7 26. Re3 Nc5 27. a5 Bc4 28. axb6 cxb6 29. Ra3 Rxe4 30. f3 1-0

[Event "LSS RD-2010-0-00032"]
[Site "LSS email"]
[Date "2010.07.05"]
[Round "?"]
[White "Kawagoe, Toshiji"]
[Black "Baticulon, Nestor"]
[Result "1-0"]
[WhiteElo "1426"]
[BlackElo "1348"]
[PlyCount "49"]
[EventDate "2010.01.26"]
[EventType "tourn (corr)"]
[EventRounds "6"]
[EventCountry "GER"]
[SourceTitle "Telechess CBM 141"]
[Source "ChessBase"]
[SourceDate "2011.03.17"]
[SourceVersion "1"]
[SourceVersionDate "2011.03.17"]
[SourceQuality "1"]

1. e4 e6 2. d4 d5 3. Nc3 Nf6 4. e5 Nfd7 5. f4 c5 6. Nf3 cxd4 7. Nxd4 Bb4 8. Be3 Bxc3+ 9. bxc3 a6 10. Bd3 Qh4+ 11. g3 Qe7 12. 0-0 Nc6 13. Qf3 Nc5 14. Nxc6 bxc6 15. Qg4 g6 16. Rab1 Na4 17. f5 Nxc3 18. fxg6 hxg6 19. Rb2 c5 20. Bxg6 Rg8 21. Rxf7 Qxf7 22. Bxf7+ Kxf7 23. Qf3+ Ke8 24. Qh5+ Kd8 25. Qf7 1-0

[Event "LSS SE-2010-0-00049"]
[Site "LSS email"]
[Date "2010.06.20"]
[Round "?"]
[White "Hilton, Stephen H"]
[Black "Baticulon, Nestor"]
[Result "0-1"]
[WhiteElo "1161"]
[BlackElo "1357"]
[PlyCount "72"]
[EventDate "2010.04.12"]
[EventType "tourn (corr)"]
[EventRounds "6"]
[EventCountry "GER"]
[SourceTitle "Telechess CBM 141"]
[Source "ChessBase"]
[SourceDate "2011.03.17"]
[SourceVersion "1"]
[SourceVersionDate "2011.03.17"]
[SourceQuality "1"]

1. d4 Nf6 2. c4 c6 3. Nf3 d5 4. e3 Bg4 5. cxd5 Qxd5 6. Nc3 Qd8 7. Bc4 e6 8. h3 Bh5 9. 0-0 Be7 10. b3 0-0 11. Bb2 Nbd7 12. Be2 Nd5 13. Nxd5 exd5 14. Ne5 Bxe2 15. Qxe2 Nf6 16. f3 Nh5 17. Qf2 Bh4 18. Qc2 Ng3 19. Rfd1 f5 20. b4 Rc8 21. Qb3 Kh8 22. a4 a6 23. b5 Bf6 24. Ba3 Be7 25. bxc6 bxc6 26. Bxe7 Qxe7 27. Qb6 c5 28. Qxa6 f4 29. exf4 c4 30. Re1 Qh4 31. Nf7+ Kg8 32. Qe6 Rc7 33. Nh6+ Kh8 34. Qe8 Qxf4 35. Ng4 h5 36. Qe5 hxg4 0-1

[Event "LSS SE-2009-0-00034"]
[Site "LSS email"]
[Date "2009.12.10"]
[Round "?"]
[White "Babos, Istvan"]
[Black "Baticulon, Nestor"]
[Result "0-1"]
[WhiteElo "1213"]
[BlackElo "1355"]
[PlyCount "54"]
[EventDate "2009.09.30"]
[EventType "tourn (corr)"]
[EventRounds "6"]
[EventCountry "GER"]
[SourceTitle "Telechess CBM 137"]
[Source "ChessBase"]
[SourceDate "2010.07.15"]
[SourceVersion "1"]
[SourceVersionDate "2010.07.15"]
[SourceQuality "1"]

1. d4 Nf6 2. e3 d5 3. Nf3 Bg4 4. Be2 e6 5. 0-0 Bd6 6. Nc3 0-0 7. Nd2 Bxe2 8. Qxe2 c6 9. Re1 e5 10. dxe5 Bxe5 11. Na4 Qa5 12. Nc3 Bxc3 13. bxc3 Qxc3 14. Rb1 Qxc2 15. Ra1 Nbd7 16. Ba3 Rfe8 17. Rec1 Qa4 18. Bb2 b6 19. Nb3 c5 20. Nd2 Re6 21. Bxf6 Nxf6 22. Nf3 h6 23. Nh4 Qxh4 24. Rd1 Rae8 25. Qf3 Re5 26. a4 Ne4 27. a5 b5 0-1

[Event "LSS SE-2009-0-00034"]
[Site "LSS email"]
[Date "2009.12.10"]
[Round "?"]
[White "Baticulon, Nestor"]
[Black "Tausnev, Bladimir"]
[Result "0-1"]
[WhiteElo "1355"]
[BlackElo "1232"]
[PlyCount "64"]
[EventDate "2009.09.30"]
[EventType "tourn (corr)"]
[EventRounds "6"]
[EventCountry "GER"]
[SourceTitle "Corr 2022"]
[Source "ChessBase"]
[SourceDate "2021.10.24"]
[SourceVersion "1"]
[SourceVersionDate "2021.10.24"]
[SourceQuality "1"]

1. e4 e5 2. Bc4 Nf6 3. Nc3 Nc6 4. d3 Na5 5. Nge2 c6 6. a4 Nxc4 7. dxc4 Bc5 8. 0-0 d6 9. h3 Be6 10. b3 0-0 11. Bg5 h6 12. Bh4 a5 13. Qd3 Qe7 14. Bxf6 Qxf6 15. Rad1 Rad8 16. Qg3 Qe7 17. Kh1 f5 18. f4 Bd7 19. fxe5 dxe5 20. Ng1 f4 21. Qf3 g5 22. Qh5 Kg7 23. Rd3 Be8 24. Qe2 Rxd3 25. cxd3 h5 26. Nd1 g4 27. Qe1 b6 28. Ne2 Qd7 29. Qc3 gxh3 30. Qxe5+ Kh7 31. Nf2 hxg2+ 32. Kxg2 f3+ 0-1

[Event "LSS OP-2009-0-00988"]
[Site "LSS email"]
[Date "2009.11.06"]
[Round "?"]
[White "Billion, Paul"]
[Black "Baticulon, Nestor"]
[Result "0-1"]
[WhiteElo "1791"]
[BlackElo "1346"]
[PlyCount "50"]
[EventDate "2009.10.30"]
[EventType "tourn (corr)"]
[EventRounds "4"]
[EventCountry "GER"]
[SourceTitle "Telechess CBM 137"]
[Source "ChessBase"]
[SourceDate "2010.07.15"]
[SourceVersion "1"]
[SourceVersionDate "2010.07.15"]
[SourceQuality "1"]

1. d4 d5 2. Nf3 Nf6 3. c4 e6 4. Nc3 Be7 5. Bf4 a6 6. e3 0-0 7. Rc1 Nh5 8. Bg3 Nxg3 9. hxg3 f5 10. cxd5 Bb4 11. dxe6 Bxe6 12. a3 Bd6 13. Qc2 c6 14. Bd3 h6 15. g4 fxg4 16. Bh7+ Kh8 17. Nh4 Bf7 18. Ng6+ Bxg6 19. Bxg6 Nd7 20. Ne4 Nf6 21. Ng5 Qa5+ 22. Kf1 Qxg5 23. b4 Nd5 24. Re1 Nxe3+ 25. Rxe3 Qxe3 0-1

[Event "LSS No Engine Cup Gr03 prel 07 email"]
[Site "LSS email"]
[Date "2009.07.16"]
[Round "?"]
[White "Tellore, Shyam Sundar"]
[Black "Baticulon, Nestor"]
[Result "0-1"]
[WhiteElo "1049"]
[BlackElo "1339"]
[PlyCount "76"]
[EventDate "2009.07.17"]
[EventType "tourn (corr)"]
[EventRounds "6"]
[EventCountry "GER"]
[SourceTitle "Telechess CBM 135"]
[Source "ChessBase"]
[SourceDate "2010.03.17"]
[SourceVersion "1"]
[SourceVersionDate "2010.03.17"]
[SourceQuality "1"]

1. e4 e5 2. Bc4 Nc6 3. Nf3 Be7 4. c3 Nf6 5. Qc2 0-0 6. 0-0 d6 7. d4 Bg4 8. Nbd2 h6 9. h3 Bh5 10. g4 Bg6 11. Nh4 Bh7 12. Ndf3 Bxe4 13. Qe2 exd4 14. Nxd4 Nxd4 15. cxd4 d5 16. Bd3 Re8 17. Bxe4 Nxe4 18. Nf5 c6 19. Bf4 Bg5 20. Bxg5 hxg5 21. Qc2 g6 22. Ne3 Qf6 23. Ng2 Qxd4 24. Rad1 Qc5 25. Ne3 Re6 26. Qb3 Qe7 27. Rd4 b6 28. Qc2 Qf6 29. Rdd1 Rae8 30. Kg2 Qf4 31. b4 b5 32. a4 a6 33. axb5 axb5 34. Rd3 Nd6 35. Rc3 d4 36. Rxc6 dxe3 37. fxe3 Qxe3 38. Rc5 Qd4 0-1

[Event "LSS OP-2009-0-00883"]
[Site "LSS email"]
[Date "2009.06.23"]
[Round "?"]
[White "Baticulon, Nestor"]
[Black "Jovanovic, Bratislav"]
[Result "0-1"]
[WhiteElo "1343"]
[BlackElo "2076"]
[PlyCount "46"]
[EventDate "2009.06.17"]
[EventType "tourn (corr)"]
[EventRounds "4"]
[EventCountry "GER"]
[SourceTitle "Corr 2011"]
[Source "ChessBase"]
[SourceDate "2010.08.31"]
[SourceVersion "1"]
[SourceVersionDate "2010.08.31"]
[SourceQuality "1"]

1. e4 e6 2. Nf3 d5 3. exd5 exd5 4. d4 Nf6 5. Be2 Bd6 6. 0-0 0-0 7. Bg5 h6 8. Bh4 Re8 9. Nc3 g5 10. Bg3 Nc6 11. Bb5 Bg4 12. Bxc6 bxc6 13. Qd3 Bxf3 14. Qxf3 Qe7 15. Bxd6 cxd6 16. g3 Kg7 17. Nd1 Rab8 18. b3 Qe4 19. Qc3 g4 20. Ne3 Qf3 21. Rae1 Ne4 22. Qd3 a5 23. Nxg4 Ng5 0-1

[Event "LSS OP-2009-0-00883"]
[Site "LSS email"]
[Date "2009.06.23"]
[Round "?"]
[White "Baticulon, Nestor"]
[Black "Lanin, Boris Aleksandrovic"]
[Result "0-1"]
[WhiteElo "1375"]
[BlackElo "1972"]
[PlyCount "90"]
[EventDate "2009.06.17"]
[EventType "tourn (corr)"]
[EventRounds "4"]
[EventCountry "GER"]
[SourceTitle "Corr 2011"]
[Source "ChessBase"]
[SourceDate "2010.08.31"]
[SourceVersion "1"]
[SourceVersionDate "2010.08.31"]
[SourceQuality "1"]

1. e4 g6 2. Nf3 Bg7 3. d4 d6 4. Bc4 c6 5. h3 d5 6. exd5 cxd5 7. Bb5+ Bd7 8. Bxd7+ Nxd7 9. 0-0 Ngf6 10. Nc3 0-0 11. Re1 a6 12. Bf4 Nb6 13. Ne5 Rc8 14. Qd3 e6 15. Re2 Ne8 16. Nd1 Nd6 17. c3 Nbc4 18. b3 Nxe5 19. dxe5 Ne4 20. f3 Qh4 21. Qe3 Ng3 22. Bxg3 Qxg3 23. Nf2 Rc6 24. Nh1 Qh4 25. Kh2 Bh6 26. Qd3 Rfc8 27. Rc2 Qf4+ 28. g3 Qxe5 29. f4 Qc7 30. Rac1 b5 31. Nf2 Bg7 32. Nd1 h5 33. h4 d4 34. c4 e5 35. fxe5 Bxe5 36. Kg2 Bg7 37. Nb2 Re8 38. Nd1 Qb7 39. Qf3 Qd7 40. cxb5 Rf6 41. Qd3 Qd5+ 42. Kh2 Re1 43. Rg2 Rff1 44. Qxf1 Rxf1 45. bxa6 Be5 0-1

[Event "LSS RE-2009-0-00023"]
[Site "LSS email"]
[Date "2009.05.17"]
[Round "?"]
[White "Baticulon, Nestor"]
[Black "Cuaycong, Virgilio"]
[Result "1/2-1/2"]
[WhiteElo "1343"]
[BlackElo "1364"]
[PlyCount "78"]
[EventDate "2009.02.24"]
[EventType "tourn (corr)"]
[EventRounds "6"]
[EventCountry "GER"]
[SourceTitle "Corr 2011"]
[Source "ChessBase"]
[SourceDate "2010.08.31"]
[SourceVersion "1"]
[SourceVersionDate "2010.08.31"]
[SourceQuality "1"]

1. e4 e5 2. Nf3 Nf6 3. d3 Nc6 4. Bg5 h6 5. Bh4 Bc5 6. Be2 d6 7. c3 a5 8. 0-0 g5 9. Bg3 Bg4 10. Nbd2 Qd7 11. a3 a4 12. b4 axb3 13. Qxb3 Be6 14. Qb2 0-0-0 15. d4 exd4 16. cxd4 Bb6 17. d5 Nxd5 18. exd5 Bxd5 19. Nc4 Bxc4 20. Bxc4 g4 21. Nh4 Bd4 22. Qa2 Bxa1 23. Qxa1 Rhe8 24. Bd3 Kb8 25. Bf5 Qe7 26. Bxg4 Qg5 27. h3 h5 28. Bf5 Re2 29. Rb1 Qd2 30. Nf3 Qd5 31. Qf6 Ra2 32. Re1 Rxa3 33. Be4 Qe6 34. Qxe6 fxe6 35. Bxc6 bxc6 36. Nd4 Re8 37. Rb1+ Kc8 38. Nxc6 Kd7 39. Nb8+ Kc8 1/2-1/2

[Event "LSS BI-2009-P-00008"]
[Site "LSS email"]
[Date "2009.04.19"]
[Round "?"]
[White "Baticulon, Nestor"]
[Black "Jovanovic, Bratislav"]
[Result "0-1"]
[WhiteElo "1343"]
[BlackElo "2076"]
[PlyCount "98"]
[EventDate "2009.04.20"]
[EventType "tourn (corr)"]
[EventRounds "10"]
[EventCountry "GER"]
[SourceTitle "Corr 2011"]
[Source "ChessBase"]
[SourceDate "2010.08.31"]
[SourceVersion "1"]
[SourceVersionDate "2010.08.31"]
[SourceQuality "1"]

1. e4 e6 2. d4 d5 3. Nd2 Nf6 4. e5 Nfd7 5. Ngf3 c5 6. Bb5 a6 7. Bxd7+ Bxd7 8. 0-0 cxd4 9. Nxd4 Nc6 10. N2f3 Be7 11. c3 0-0 12. Re1 Rc8 13. Bf4 Qb6 14. Qd2 h6 15. Be3 Qd8 16. Rac1 Re8 17. Nxc6 Bxc6 18. Nd4 Bd7 19. Qe2 Qa5 20. a3 Qc7 21. Bd2 Qb6 22. Rb1 f5 23. Qh5 Rf8 24. Qg6 f4 25. b4 Bg5 26. f3 Qd8 27. Kh1 Qe8 28. Qxe8 Rfxe8 29. Rbc1 Rc4 30. Rg1 Kf7 31. Rce1 Rec8 32. g3 fxg3 33. f4 gxh2 34. Rg2 Bh4 35. Re3 Re8 36. Rh3 Bd8 37. Rhg3 Rg8 38. Rg6 Bg5 39. f5 exf5 40. Rd6 Bc8 41. e6+ Kf6 42. Re2 Bxd2 43. Rxd2 Ke5 44. Rb6 Rxc3 45. a4 Re8 46. Kxh2 Rc4 47. Nf3+ Kf4 48. Ng1 Rxe6 49. Rf2+ Ke5 0-1

[Event "LSS BI-2009-P-00008"]
[Site "LSS email"]
[Date "2009.04.19"]
[Round "?"]
[White "Baticulon, Nestor"]
[Black "Zielinski, Sergej"]
[Result "0-1"]
[WhiteElo "1343"]
[BlackElo "2189"]
[PlyCount "60"]
[EventDate "2009.04.20"]
[EventType "tourn (corr)"]
[EventRounds "10"]
[EventCountry "GER"]
[SourceTitle "Corr 2011"]
[Source "ChessBase"]
[SourceDate "2010.08.31"]
[SourceVersion "1"]
[SourceVersionDate "2010.08.31"]
[SourceQuality "1"]

1. e4 e5 2. Nf3 Nc6 3. d4 exd4 4. Nxd4 Nf6 5. Nxc6 bxc6 6. Bd3 d5 7. e5 Ng4 8. Qe2 Bc5 9. f3 Nf2 10. Rf1 Nxd3+ 11. cxd3 Qh4+ 12. g3 Qb4+ 13. Kd1 0-0 14. Nd2 Bb6 15. Nb3 c5 16. Be3 c4 17. Bxb6 Qxb6 18. Nc1 Rb8 19. Rb1 Qb5 20. Rf2 Bf5 21. g4 Bg6 22. h4 Rfe8 23. h5 Bxd3 24. Nxd3 cxd3 25. Qe1 c5 26. f4 c4 27. Qd2 d4 28. Rc1 f6 29. Ke1 fxe5 30. fxe5 Qd5 0-1

[Event "LSS SD-2009-0-00028"]
[Site "LSS email"]
[Date "2009.04.14"]
[Round "?"]
[White "Baticulon, Nestor"]
[Black "Jokmin, Alex"]
[Result "1-0"]
[WhiteElo "1352"]
[BlackElo "1000"]
[PlyCount "51"]
[EventDate "2009.02.13"]
[EventType "tourn (corr)"]
[EventRounds "6"]
[EventCountry "GER"]
[SourceTitle "Corr 2011"]
[Source "ChessBase"]
[SourceDate "2010.08.31"]
[SourceVersion "1"]
[SourceVersionDate "2010.08.31"]
[SourceQuality "1"]

1. e4 c5 2. Nf3 Nc6 3. Bb5 g6 4. 0-0 Bg7 5. c3 Nf6 6. e5 Nd5 7. d4 Qb6 8. Bc4 Nc7 9. Re1 e6 10. Na3 cxd4 11. cxd4 0-0 12. b3 Rd8 13. Bg5 Rf8 14. Nc2 f6 15. Be3 Nd5 16. Bxd5 exd5 17. Qd2 f5 18. Bf4 a6 19. Ne3 h6 20. Nxd5 Qa5 21. Qxa5 Nxa5 22. Nb6 Ra7 23. d5 g5 24. Bd2 d6 25. Bxa5 dxe5 26. Rac1 1-0

[Event "LSS SD-2009-0-00028"]
[Site "LSS email"]
[Date "2009.04.14"]
[Round "?"]
[White "Laureles, Raymundo"]
[Black "Baticulon, Nestor"]
[Result "1-0"]
[WhiteElo "1459"]
[BlackElo "1352"]
[PlyCount "57"]
[EventDate "2009.02.13"]
[EventType "tourn (corr)"]
[EventRounds "6"]
[EventCountry "GER"]
[SourceTitle "Corr 2011"]
[Source "ChessBase"]
[SourceDate "2010.08.31"]
[SourceVersion "1"]
[SourceVersionDate "2010.08.31"]
[SourceQuality "1"]

1. e4 e5 2. Nf3 Nc6 3. Bb5 Nge7 4. d4 exd4 5. Nxd4 Nxd4 6. Qxd4 c6 7. Be2 d5 8. 0-0 Be6 9. Rd1 Qc7 10. Nc3 a6 11. exd5 cxd5 12. Bf4 Qd7 13. Bf3 Rd8 14. Bg5 h6 15. Bxe7 Qxe7 16. Nxd5 Bxd5 17. Bxd5 Qf6 18. Bxf7+ Kxf7 19. Qxd8 Qxb2 20. Qd5+ Kg6 21. Qe4+ Kf7 22. Qc4+ Kg6 23. Rab1 Qa3 24. Qe4+ Kf7 25. Rxb7+ Kg8 26. Qe6+ Kh7 27. Qf5+ Kg8 28. Rb8 h5 29. Rxf8+ 1-0

[Event "LSS RE-2008-0-00017"]
[Site "LSS email"]
[Date "2009.01.31"]
[Round "?"]
[White "Bruce, Earle"]
[Black "Baticulon, Nestor"]
[Result "0-1"]
[WhiteElo "1219"]
[BlackElo "1352"]
[PlyCount "138"]
[EventDate "2009.01.12"]
[EventType "tourn (corr)"]
[EventRounds "6"]
[EventCountry "GER"]
[SourceTitle "Corr 2011"]
[Source "ChessBase"]
[SourceDate "2010.08.31"]
[SourceVersion "1"]
[SourceVersionDate "2010.08.31"]
[SourceQuality "1"]

1. d4 d5 2. c4 Nf6 3. Nc3 e6 4. Bg5 Bb4 5. e3 Nbd7 6. Qb3 Bxc3+ 7. bxc3 c6 8. cxd5 exd5 9. Be2 0-0 10. Nf3 h6 11. Bxf6 Nxf6 12. 0-0 Qc7 13. Rfc1 Be6 14. Ne5 c5 15. a4 c4 16. Qb4 b6 17. Rcb1 Rab8 18. Qa3 Ne4 19. Qc1 Rfd8 20. Qc2 Bf5 21. Qc1 f6 22. Nf3 Re8 23. Rb5 Qc6 24. Qa3 Qe6 25. Qc1 Bh7 26. Ne1 Nd6 27. Rb2 Nb7 28. Ra3 Na5 29. Nc2 Nb3 30. Qf1 a5 31. Na1 Nxa1 32. Qxa1 Bf5 33. Qd1 Qd6 34. Ra1 Bd7 35. Bf3 f5 36. g3 Re7 37. Qf1 Bc6 38. Qg2 Reb7 39. Qh3 Qd7 40. Qg2 b5 41. axb5 Rxb5 42. Rxb5 Rxb5 43. Qf1 Qa7 44. Rb1 Rb3 45. Qc1 a4 46. Bd1 Rxb1 47. Qxb1 Bd7 48. Bc2 a3 49. Qa2 Qa5 50. Qa1 a2 51. Kf1 Qa3 52. Ke2 Kf7 53. Kd2 g6 54. Kd1 Kf6 55. h3 h5 56. h4 Ba4 57. Bxa4 Qxa4+ 58. Kc1 Qa3+ 59. Kc2 Ke6 60. Kd2 Kd7 61. Kc2 Ke7 62. Kd2 Kf6 63. f3 Qb3 64. Kc1 Qa3+ 65. Kc2 Ke6 66. Kd2 Kd6 67. Kc2 Qb3+ 68. Kc1 Kc6 69. Qb2 Kb5 0-1

[Event "LSS SE-2008-0-00014"]
[Site "LSS email"]
[Date "2009.01.11"]
[Round "?"]
[White "Puleston, Tim O"]
[Black "Baticulon, Nestor"]
[Result "0-1"]
[WhiteElo "1269"]
[BlackElo "1325"]
[PlyCount "36"]
[EventDate "2008.12.28"]
[EventType "tourn (corr)"]
[EventRounds "6"]
[EventCountry "GER"]
[SourceTitle "Corr 2011"]
[Source "ChessBase"]
[SourceDate "2010.08.31"]
[SourceVersion "1"]
[SourceVersionDate "2010.08.31"]
[SourceQuality "1"]

1. e4 c5 2. b4 e5 3. Nf3 d6 4. bxc5 Nc6 5. cxd6 Bxd6 6. Bb5 Bd7 7. 0-0 a6 8. Bxc6 Bxc6 9. d4 Qe7 10. dxe5 Bxe5 11. Ba3 Qf6 12. Nxe5 Qxe5 13. f4 Qf6 14. Nc3 Ne7 15. Nd5 Bxd5 16. exd5 0-0-0 17. c4 Nf5 18. Rb1 Rd7 0-1

[Event "LSS SE-2008-0-00013"]
[Site "LSS email"]
[Date "2009.01.01"]
[Round "?"]
[White "Baticulon, Nestor"]
[Black "Davidson, Eric"]
[Result "1/2-1/2"]
[WhiteElo "1312"]
[BlackElo "1304"]
[PlyCount "86"]
[EventDate "2008.12.16"]
[EventType "tourn (corr)"]
[EventRounds "6"]
[EventCountry "GER"]
[SourceTitle "Corr 2011"]
[Source "ChessBase"]
[SourceDate "2010.08.31"]
[SourceVersion "1"]
[SourceVersionDate "2010.08.31"]
[SourceQuality "1"]

1. e4 c5 2. Nf3 d6 3. d4 cxd4 4. Nxd4 Nf6 5. Nc3 a6 6. Bd3 e5 7. Nb3 Be6 8. Bg5 Nbd7 9. 0-0 Be7 10. Nd2 Rc8 11. Kh1 h6 12. Be3 Ng4 13. Qe2 Nxe3 14. Qxe3 0-0 15. f4 exf4 16. Qxf4 Bg5 17. Qf2 Ne5 18. Nf3 Ng4 19. Qg3 Be3 20. h3 Nf6 21. Qh4 Nh7 22. Qxd8 Rcxd8 23. Nd5 Bxd5 24. exd5 Ng5 25. Nxg5 Bxg5 26. Rf3 Rde8 27. Raf1 Re5 28. c4 Re3 29. Rxe3 Bxe3 30. Re1 Bc5 31. g4 Rb8 32. a4 a5 33. Kg2 Kf8 34. h4 Re8 35. Rxe8+ Kxe8 36. Kf3 Ke7 37. g5 hxg5 38. hxg5 f6 39. g6 f5 40. Bxf5 Kf6 41. Kg4 Ke5 42. b3 Kd4 43. Bd7 Ke4 1/2-1/2